| 000 | 00560nam a2200193Ia 4500 | ||
|---|---|---|---|
| 999 |
_c11265 _d11265 |
||
| 003 | OSt | ||
| 005 | 20191221111130.0 | ||
| 008 | 190216s9999||||xx |||||||||||||| ||und|| | ||
| 020 | _a9788120346673 | ||
| 040 | _coclc | ||
| 082 |
_a338.5024658 _bMAH/M |
||
| 100 |
_aMaheshwari, Yogesh _9640 |
||
| 245 | 0 |
_aManagerial Economics / _cYogesh Maheshwari |
|
| 250 | _a3rd ed. | ||
| 260 |
_bPhi Learning, _c2012. _aNew Delhi: |
||
| 300 | _a351p | ||
| 650 | _aManagerial Economics | ||
| 942 |
_cBK _2ddc _h338.5024658 _iMAH/M _k338.5024658 _mMAH/M |
||